000
00284nam a2200121Ia 4500
008
190216s9999||||xx |||||||||||||| ||und||
100
_a
Nayar M G
245
0
_a
Essays Of Orwell
260
_b
Macmillan India Ltd
_c
1980
300
_a
159p
650
_a
English Literature
942
_c
BK
999
_c
14094
_d
14094